Software testing: principles and practice (Record no. 188051)

000 -LEADER
fixed length control field 00418nam a2200145Ia 4500
008 - FIXED-LENGTH DATA ELEMENTS--GENERAL INFORMATION
fixed length control field 220217s9999||||xx |||||||||||||| ||und||
020 ## - INTERNATIONAL STANDARD BOOK NUMBER
International Standard Book Number 199465878
082 ## - DEWEY DECIMAL CLASSIFICATION NUMBER
Classification number 005.14 CHA
100 ## - MAIN ENTRY--PERSONAL NAME
Personal name Chauhan, Naresh
9 (RLIN) 10060
245 #0 - TITLE STATEMENT
Title Software testing: principles and practice
250 ## - EDITION STATEMENT
Edition statement 2
260 ## - PUBLICATION, DISTRIBUTION, ETC.
Place of publication, distribution, etc. Oxford university press
Name of publisher, distributor, etc. New delhi
Date of publication, distribution, etc. 2017
300 ## - PHYSICAL DESCRIPTION
Extent XXIV, 534p.
Other physical details 610
650 ## - SUBJECT ADDED ENTRY--TOPICAL TERM
Topical term or geographic name entry element Software engineering
9 (RLIN) 1072
Holdings
Withdrawn status Lost status Damaged status Not for loan Collection code Home library Current library Shelving location Date acquired Full call number Barcode Date last seen Price effective from Koha item type
        Computer Science and Engineering Central Library Central Library Reference 02/18/2022 005.14 CHA 23240 02/18/2022 02/18/2022 Books

Powered by Koha